|
|
|
|
| LEADER |
00000cam a2200000 a 4500 |
| 001 |
vtls008874092 |
| 003 |
SK-MaSNL |
| 005 |
20260302075343.0 |
| 008 |
160610s2006 xo oab g 001 0 slo |
| 015 |
|
|
|a SNBA2007/01-00019
|
| 020 |
|
|
|a 8080851263 (viaz.)
|
| 035 |
|
|
|a 58482462-7AA3-4E8E-9284-308E9A2C6122
|
| 035 |
|
|
|a urn:nbn:sk:snk-amksvx
|
| 035 |
|
|
|a urn:nbn:sk:snk-am00572s
|
| 040 |
|
|
|a SNK
|b slo
|c SNK
|e AACR2
|
| 041 |
1 |
|
|a slo
|h eng
|
| 044 |
|
|
|a xo
|c SK
|
| 072 |
|
7 |
|a 355/359
|x Vojenstvo. Obrana krajiny. Ozbrojené sily
|2 konspekt
|
| 080 |
|
|
|a 355.4 (091)
|2 2001
|
| 080 |
|
|
|a (048.8)
|2 2001
|
| 080 |
|
|
|a 355.48
|2 2001
|
| 130 |
4 |
|
|a The seventy great battles of all time
|l Slovensky
|9 742108
|
| 245 |
0 |
0 |
|a Sedemdesiat veľkých bitiek v dejinách ľudstva
|c zostavil Jeremy Black ; [z anglického originálu preložili Ema Draškabová, Peter Draškaba]
|
| 250 |
|
|
|a 1. slov. vyd.
|
| 260 |
|
|
|a Bratislava
|b Slovart
|c 2006
|
| 300 |
|
|
|a 304 s.
|b fotogr., illustr., mapy
|c 27 cm
|
| 500 |
|
|
|a Rozlož. fareb. fotogr. na tit. strane
|
| 504 |
|
|
|a Bibliogr. s. 291-296. Pramene ilustr. Reg.
|
| 650 |
0 |
7 |
|a dejiny bitiek
|2 SNKPH
|9 93767
|
| 650 |
0 |
7 |
|a vojenské dejiny
|2 SNKPH
|9 70411
|
| 655 |
|
7 |
|a monografie
|2 SNKPH
|9 70139
|
| 700 |
1 |
|
|a Draškabová, Ema
|4 trl
|9 210027
|
| 700 |
1 |
|
|a Draškaba, Peter,
|d 1945-
|4 trl
|9 111744
|
| 700 |
1 |
|
|a Black, Jeremy,
|d 1955-
|4 com
|9 93765
|
| 919 |
|
|
|a 80-8085-126-3
|
| 958 |
|
|
|a NB
|
| 958 |
|
|
|a OP
|
| 968 |
|
|
|b ENG
|d 355/359
|
| 999 |
|
|
|c 1168913
|d 1170843
|
| 952 |
|
|
|a SNK
|b SNK
|y VYP
|7 0
|p 17A0529347
|o snkSB 73313 D1
|i snk2006/24287
|8 0
|0 0
|1 0
|4 0
|d 2006-11-20
|f 1
|l 0
|r 2016-06-30 00:00:00
|w 2026-02-24
|
| 952 |
|
|
|a SNK
|b SNK
|y PREZ
|7 0
|p 17A0529498
|o snkSB 73313
|i snk2006/24286
|8 0
|0 0
|1 0
|4 0
|d 2006-11-20
|l 0
|r 2025-04-28 00:00:00
|w 2026-02-24
|